000 00231 a2200109 4500
090 _c2514
_d2514
100 _aSHARMA, R. K
245 _aBUSNIESS MANAGEMENT
260 _aNEW DELHI
300 _a510
942 _aNBS
_cBK
_k658.01 SHA
999 _c345009
_d345009